|
|
|
|
| LEADER |
00000cam a2200000 a 4500 |
| 001 |
vtls011592837 |
| 003 |
SK-MaSNL |
| 005 |
20260318134725.0 |
| 008 |
180405s2016 xr habog 001 0dcze |
| 020 |
|
|
|a 9788024254982
|q (viazané)
|
| 040 |
|
|
|a SNK
|b slo
|c SNK
|e AACR2
|
| 041 |
1 |
|
|a cze
|h eng
|
| 044 |
|
|
|a xr
|c CZ
|
| 072 |
|
7 |
|a 355/359
|x Vojenstvo. Obrana krajiny. Ozbrojené sily
|2 konspekt
|
| 080 |
|
|
|a 94(100)"1939/1945"
|2 2011
|
| 080 |
|
|
|a 355.48(100)"1939/1945"(091)
|2 2011
|
| 080 |
|
|
|a (048.8)
|2 2011
|
| 080 |
|
|
|a (084.11)
|2 2011
|
| 130 |
0 |
|
|a World War II.
|l Česky
|9 492666
|
| 245 |
0 |
0 |
|a Druhá světová válka
|b od Blitzkriegu k Hirošimě
|c editor Richard Holmes ; [z anglického originálu ... přeložila Jana Jůzlová]
|
| 246 |
3 |
0 |
|a Od Blitzkriegu k Hirošimě
|
| 246 |
3 |
|
|a 2. světová válka
|
| 260 |
|
|
|a Praha
|b Knižní klub
|c 2016
|
| 300 |
|
|
|a 372 s.
|b faks., fotogr., ilustr., mp., portréty
|c 31 cm
|
| 490 |
1 |
|
|a Universum
|
| 500 |
|
|
|a Obalový podnázov: unikátní obrazový průvodce
|
| 500 |
|
|
|a Chronologické prehľady
|
| 504 |
|
|
|a Register
|
| 650 |
0 |
7 |
|a druhá svetová vojna (1939-1945)
|2 SNKPH
|9 169657
|
| 650 |
0 |
7 |
|a World War (1939-1945)
|2 SNKPHeng
|9 284172
|
| 655 |
|
7 |
|a monografie
|2 SNKPH
|9 70139
|
| 655 |
|
7 |
|a obrazové publikácie
|2 SNKPH
|9 70343
|
| 655 |
|
7 |
|a Monographs
|2 SNKPHeng
|9 120675
|
| 655 |
|
7 |
|a Pictorial works
|2 SNKPHeng
|9 284468
|
| 700 |
1 |
|
|a Holmes, Richard,
|d 1946-2011
|4 edt
|9 492667
|
| 700 |
1 |
|
|a Jůzlová, Jana,
|d 1974-
|4 trl
|9 349820
|
| 830 |
|
0 |
|a Universum (Knižní klub)
|9 345397
|
| 919 |
|
|
|a 978-80-242-5498-2
|
| 958 |
|
|
|a TL
|
| 958 |
|
|
|a NB
|
| 958 |
|
|
|a OP
|
| 958 |
|
|
|a BX
|
| 999 |
|
|
|c 762964
|d 764894
|
| 952 |
|
|
|t snkDRU 355.48(100)
|a SNKUST
|b SNKUST
|y PREZ
|7 0
|p 17A1258731
|o snkIB 73288
|i snk2017/12250
|8 4
|g 25.84
|0 0
|1 0
|4 0
|d 2017-04-25
|l 0
|r 2025-03-21 00:00:00
|w 2026-02-24
|